Quizzes
Events
Quiz Creation
Community
Videos
Private Events
Remove Ads
Sign In
Join for FREE
Feedback
Dark Mode
Quiz Categories
Sports
Geography
Music
Movies
Television
Just For Fun
Miscellaneous
History
Literature
Language
Science
Gaming
Entertainment
Religion
Holiday
For Kids
Quiz Lab
Recent
Popular Today
Quiz Kudos Today
Editor Picks
Curator Picks
Quizzes by...
Day
Popularity
Type
Ratings
Length
Year
Community
Subscriptions
Recent Discussions
Orange Saloon
Badges
Playlists
Quests
Create
Leaderboards
Showdown
Live 5
Trivia Bingo
Activity
Puzzle Library
Sporcle Events
Private Events
Virtual Trivia
Globe League
Become a Host
Pub Owners
SporcleCon
Opinionation
Our Games
Videos
Blog
Mobile Apps
Partnerships
Remove Ads and Go Orange
Feedback
Movies
Disney
Marvel Cinematic Universe
Movie Resume
Movie Titles
Oscar
Actor
Actress
Director
Pixar
Role
Movie Quotes
Movie Characters
Box Office
Nominee
Best Picture
Star Wars
James Bond
Horror Movies
Movies
Disney
Marvel Cinematic Universe
Movie Resume
Movie Titles
Oscar
Actor
Actress
Director
Pixar
Role
Movie Quotes
Movie Characters
Box Office
Nominee
Best Picture
Star Wars
James Bond
Horror Movies
Random Quiz
Search Sporcle
×
Quiz Lab
Quiz Lab
Movies
Oscar
Type answers based on single images at one time
Type answers based on single images at one time
Slideshow
Best Score? Go Orange.
Oscar Winning Films of the 2010s Stats
Can you name every movie that has won an Oscar since 2010?
By
captain695
15m
146 Questions
202 Plays
202 Plays
202 Plays
Comments
Comments
Give Quiz Kudos
Give Quiz Kudos
-
- Ratings
hide this ad
Replay
Link that replays current quiz
Next Quiz
Link to next quiz in quiz playlist
You Got
0%
They Got
Avg Score
44%
Avg Friend Score
Upgrade to see
Score Distribution
Jump to the score distribution portion of the page
Score
0/146
Timer
15:00
0
Plays Today
% Correct
The King's Speech
91%
Toy Story 3
89%
The Social Network
87%
Coco
83.5%
Get Out
83.5%
Life of Pi
82.5%
The Great Gatsby
81.5%
Alice in Wonderland
81%
The Help
81%
Django Unchained
81%
Frozen
81%
Dunkirk
80.6%
Brave
80.5%
12 Years a Slave
80.5%
Mad Max: Fury Road
80.5%
Moonlight
80.5%
Inception
80%
Rango
80%
Lincoln
80%
Silver Linings Playbook
80%
The Revenant
80%
The Shape of Water
79.6%
Gravity
79.5%
La La Land
79.5%
The Muppets
79%
The Theory of Everything
79%
Zootopia
79%
Three Billboards Outside Ebbing, Missouri
78.6%
Les Misérables
78.5%
The Artist
78%
The Iron Lady
78%
Hugo
78%
Argo
78%
Dallas Buyers Club
78%
Whiplash
78%
American Sniper
78%
Inside Out
78%
Her
77%
The Imitation Game
77%
Suicide Squad
77%
Birdman or (The Unexpected Virtue of Ignorance)
76.5%
Big Hero 6
76.5%
Room
76.5%
The Hateful Eight
76%
Call Me by Your Name
75.7%
The Jungle Book
75.5%
Interstellar
75%
Spider-Man: Into the Spider-Verse
75%
Manchester by the Sea
74.5%
% Correct
Fences
74.5%
Skyfall
74%
Green Book
73.5%
Bohemian Rhapsody
73.5%
I, Tonya
72.8%
The Fighter
72.5%
Spotlight
72.5%
The Danish Girl
72.5%
Ex Machina
72.5%
Arrival
72.5%
Black Swan
72%
Midnight in Paris
72%
Spectre
72%
Blade Runner 2049
71.8%
Hacksaw Ridge
71.5%
Black Panther
70.6%
The Descendants
70.5%
The Grand Budapest Hotel
70%
OJ: Made in America
70%
Darkest Hour
69.9%
Bridge of Spies
69.5%
Blue Jasmine
69%
The Girl with the Dragon Tattoo
68.5%
Boyhood
68.5%
The Big Short
67%
Joker
66%
Selma
65.5%
Amy
65.5%
A Star Is Born
64.7%
Toy Story 4
64.2%
BlacKkKlansman
63.2%
Still Alice
62.5%
Once Upon a Time in Hollywood
62.3%
1917
62.3%
Phantom Thread
62.1%
Roma
61.8%
The Favourite
61.8%
Little Women
60.4%
Parasite
58.5%
Beginners
57.5%
Rocketman
56.6%
Jojo Rabbit
54.7%
The Wolfman
54.5%
Judy
52.8%
Marriage Story
52.8%
Ford v Ferrari
52.8%
Anna Karenina
49%
Amour
48%
Vice
47.1%
% Correct
If Beale Street Could Talk
45.6%
A Separation
45%
Free Solo
44.1%
Bao
42.6%
Dear Basketball
40.8%
Bombshell
39.6%
Icarus
35.9%
20 Feet from Stardom
34%
Ida
34%
Son of Saul
34%
First Man
33.8%
A Fantastic Woman
31.1%
Citizenfour
29.5%
The White Helmets
29%
Piper
28.5%
The Salesman
27.5%
Searching for Sugar Man
26.5%
In A Better World
25%
The Great Beauty
25%
Inside Job
24%
Paperman
20.5%
Feast
20.5%
Period. End of Sentence.
19.1%
Sing
19%
Undefeated
18.5%
Skin
16.2%
The Phone Call
16%
American Factory
15.1%
Hair Love
13.2%
Bear Story
12.5%
Mr Hublot
11%
The Fantastic Flying Books of Mr. Morris Lessmore
8.5%
The Lady in Number 6: Music Saved My Life
8.5%
Stutterer
7%
Strangers No More
6.5%
The Lost Thing
6.5%
Crisis Hotline: Veterans Press 1
6.5%
God of Love
6%
The Shore
6%
Helium
6%
A Girl in the River: The Price of Forgiveness
6%
The Silent Child
5.8%
Learning to Skateboard in a Warzone (If You're a Girl)
5.7%
Saving Face
5.5%
Inocente
5.5%
Curfew
5%
Heaven is a Traffic Jam on the 405
1.9%
The Neighbors' Window
1.9%
Quiz Playlist
Details
Report
Send in Message
Add To Playlist
Slideshow:
Type answers based on single images at one time
Last Updated: Mar 13, 2017
Quiz Scoreboard
CHALLENGE
Sign Up to Join the Scoreboard
Show All
Scores
Hide
Comments
May contain spoilers
Recently Published
An Introduction to Baseball
by treessimontrees
Sports
5m
Movies - When Are They Set?
by FPL_Elf
Movies
5m
Popular People in 1961
by mucciniale
History
6m
More to Explore
Quiz From the Vault
Featured Blog Post
Where Did the Easter Bunny Come From?
hide this ad
You Might Also Like...
Tags
Oscar Quiz
Academy Awards
Oscar Winners
Today's Top Quizzes in Movies
Browse Movies
hide this ad
Today's Top Quizzes in Oscar
Browse Oscar
Top Contributed Quizzes in Movies
1
Pick 5 Posters: Directed by Spielberg
2
Pick 5 Posters: Lowest-Rated Spielberg
3
Multi-Oscar Nominations, One Movie, One Winner
4
7-to-1: Pixar Characters
5
12 Movies about Fictional 1960s Events
6
One Thing in Common: Movies
7
Pick 5 Posters: Directed by Scorsese
8
Sunday Crossword: Film Score Composers
9
Pick 5 Posters: Star & Director
10
Sorting Actors
Explore More
Trending Topics
Anime
Kpop
Harry Potter
Marvel
NBA
Crossword
Disney
WWE
Soccer
Puzzle
Pokémon
NFL
Country
Song
The Office
hide this ad
More By:
captain695
Quiz
Plays
Rating
Category
Featured
Created
Orange is the New Black Character Crimes
2,991
4.67
Television
Jul 3, 2015
Glee Finale Character Appearances
1,078
3.50
Television
Mar 22, 2015
Meryl Streep Major Nominations (Slideshow)
870
4.09
Movies
Jan 18, 2015
Glee Characters by Number of Episodes
681
5.00
Television
Mar 26, 2015
College Movies
392
4.00
Movies
Feb 10, 2017
Go to Creator's Profile
Score Distribution
Quiz Creator Spotlight
captain695
Follow
Send a Message
Quizzes Created
-
Created Quiz Play Count
-
More By This Creator
Popular Quizzes Today
1
Find the Countries of Europe - No Outlines Minefield
2
Find the US States - No Outlines Minefield
3
The Countries of the World
4
Popular People in 1961
5
Find the US States
6
US States
7
1-10 Letter E Words III
8
Risky Map Clicking: Biggest States A-Z
More Movies Quizzes
Best Movies of 1988
Quiz Lab
Trending Quizzes
Risky Map Clicking: Least Populous States A-Z
1-10 Letter F Words
1-10 Letter G Words
Not Quite an Element Typing Challenge
One Thing in Common: United Kingdom
Recently Updated
Leaping Animals
pecheneg
Reality TV Shows (A-Z)
bhenderson79
Rickey Henderson's Hall of Fame Teammates
pecheneg
Champions League XIs: Arsenal
pecheneg
Quick Pick: Celebrities in WWE's Hall of Fame
aduchscher
A-Z Keypad Blitz II
pecheneg
Multiple Oscar Actors
pecheneg
Mystery Phrase Blitz: Oscar 'Best Actors'
pecheneg
F. Scott Fitzgerald Novels
LTH
Pick 3 Villains
ddd62291
Trending Topics
Anime
Harry Potter
Marvel
NBA
Kpop
Crossword
Disney
Puzzle
The Office
NFL
Song
Soccer
WWE
Country
Pokémon
Your Account Isn't Verified!
In order to create a playlist on Sporcle, you need to verify the email address you used during registration. Go to your
Sporcle Settings
to finish the process.
Report this User
Report this user for behavior that violates our
Community Guidelines
.
Details:
Send Report
Go to the Sporcle.com Mobile Site →
Comments